000 00676cab a2200217 4500
001 X3357
008 090401t1996 xxu||||| |||| 00| 0 eng d
035 _a(Sirsi) u29955
041 _aeng
245 _aSet-aside benefits retained
260 _c1996
350 _a0
490 _aCSM (Chartered Surveyor Monthly)
_v5(5) February 1996, 61(1)
520 _athe option for growers to set-aside their land at guaranteed payment rates for five years is to be retained for environmentally beneficial set-aside land.
650 _aCOUNTRYSIDE ACCESS SCHEME
650 _aFARMLAND
650 _aSET-ASIDE
690 _aRURAL PRACTICE
942 _n0
948 _c04/03/1997
999 _c20153
_d20153